[Event "Challenge"]
[Site "http://www.queenalice.com/game.php?id=16866"]
[Date "2005.6.20"]
[Round "-"]
[White "sergiolj"]
[Black "EngEsp"]
[Result "1-0"]
[WhiteElo "1383"]
[BlackElo "1230"]

1. Nc3 e5 2. Nf3 Nc6 3. e4 Nb4 4. Nxe5 Qf6 5. Ng4 Qf4 6. Nb5 a6 7. d3 g5 8. Bxf4
gxf4 9. Nxc7+ Kd8 10. Nxa8 d5 11. Nb6 Be6 12. Ne5 Bc5 13. c3 Nc6 14. exd5 Nxe5
15. dxe6 Nf6 16. d4 Bxb6 17. dxe5+ Ke7 18. Qd6+ Ke8 19. Qxb6 Ne4 20. Rd1 Ke7 21.
Rd7+ Kf8 22. Rxf7+ Ke8 23. Qxb7 Nxf2 24. Qe7# 1-0

[Event "Challenge"]
[Site "http://www.queenalice.com/game.php?id=19128"]
[Date "2005.7.11"]
[Round "-"]
[White "sergiolj"]
[Black "Marcvs"]
[Result "1-0"]
[WhiteElo "1371"]
[BlackElo "1260"]

1. Nc3 e5 2. e4 Nf6 3. Nf3 Nc6 4. Ng5 h6 5. Nf3 d5 6. exd5 Nxd5 7. Bc4 Nf4 8. d3
Nxg2+ 9. Kf1 Bh3 10. Ke2 Nh4 11. Bd5 Bb4 12. Qg1 Nxf3 13. Bxf3 Nd4+ 14. Kd1 Nxf3
15. Qg3 Ng5 16. Qxe5+ Qe7 17. Qb5+ c6 18. Qc4 O-O 19. Re1 Qf6 20. Qxb4 Qxf2 21.
b3 Rfe8 22. Bd2 Rxe1+ 23. Bxe1 Bg4+ 24. Qxg4 Qf1 25. Kd2 Nf3+ 26. Kc1 Qxe1+ 27.
Kb2 Nxh2 28. Qd7 Qe5 29. Rh1 b5 30. d4 Qf4 31. Qxc6 Qb8 32. Nxb5 Nf3 33. Nc7
Nxd4 34. Qd7 Qb7 35. Rg1 Rc8 36. Qxd4 Qxc7 37. Qxg7# 1-0

[Event "Challenge"]
[Site "http://www.queenalice.com/game.php?id=19315"]
[Date "2005.7.13"]
[Round "-"]
[White "alepitboe"]
[Black "sergiolj"]
[Result "0-1"]
[WhiteElo "1391"]
[BlackElo "1431"]

1. e4 e5 2. d4 Qe7 3. d5 d6 4. c4 Qh4 5. Qe2 Bg4 6. Nf3 Nf6 7. g3 Qh5 8. Bg2
Nbd7 9. Be3 Nxe4 10. Nc3 Nec5 11. O-O-O O-O-O 12. Nb5 Kb8 13. h3 Bf5 14. Bxc5
dxc5 15. d6 c6 16. Nc3 Qh6+ 17. Qd2 Qf6 18. Qg5 e4 19. Qxf6 gxf6 20. Nh4 Be6 21.
Bxe4 Bxc4 22. Nf5 Re8 23. b3 Be6 24. Rhe1 c4 25. Rd2 Rg8 26. bxc4 Bxf5 27. Bxf5
Rxe1+ 28. Kc2 Nc5 29. d7 Be7 30. Rd4 Re5 31. g4 Ne6 32. Bxe6 Rxe6 33. f4 Rd8 34.
Ne4 c5 35. Nxc5 Bxc5 36. Rd5 Bd6 37. f5 Re7 38. Rxd6 Rexd7 39. Rxf6 Rd2+ 40. Kc3
R8d3+ 41. Kb4 Rb2+ 42. Kc5 a5 43. Rxf7 Ka7 44. a4 Rb6 45. Rxh7 Ka6 46. h4 Rc6#
0-1

[Event "Challenge"]
[Site "http://www.queenalice.com/game.php?id=22422"]
[Date "2005.8.2"]
[Round "-"]
[White "Marcvs"]
[Black "sergiolj"]
[Result "1-0"]
[WhiteElo "1229"]
[BlackElo "1395"]

1. e4 e5 2. Nf3 Nc6 3. Bb5 Nh6 4. Bxc6 bxc6 5. Nxe5 Qe7 6. d4 d6 7. Bxh6 gxh6 8.
Nf3 d5 9. e5 Qb4+ 10. c3 Qxb2 11. Qb3 Qxa1 12. O-O Ba6 13. Re1 Bc4 14. Qb7 Rd8
15. Qxc6+ Rd7 16. e6 fxe6 17. Ne5 Be7 18. Qxd7+ Kf8 19. Qxe6 Ke8 20. Ng6 Kd8 21.
Nxe7 Qxa2 22. Qc8# 1-0

[Event "Challenge"]
[Site "http://www.queenalice.com/game.php?id=22423"]
[Date "2005.8.2"]
[Round "-"]
[White "EngEsp"]
[Black "sergiolj"]
[Result "0-1"]
[WhiteElo "1235"]
[BlackElo "1410"]

1. b3 e5 2. Bb2 Nc6 3. e3 Nf6 4. Bc4 Ne4 5. Qf3 Ng5 6. Nh3 Nxf3+ 7. gxf3 Nb4 8.
Kd1 d5 9. Bb5+ c6 10. Ba4 b5 11. Rg1 Bxh3 12. Bxe5 bxa4 13. bxa4 Qa5 14. e4 Qc5
15. Re1 Qxc2+ 16. Ke2 dxe4 17. fxe4 Rd8 18. Ke3 Qd3+ 19. Kf4 Be7 20. Rg1 f6 21.
Bc7 g5+ 22. Rxg5 fxg5+ 23. Ke5 Qb5+ 24. axb5 Rd3 25. a3 Rf8 26. Nc3 Bf6# 0-1

[Event "Challenge"]
[Site "http://www.queenalice.com/game.php?id=22424"]
[Date "2005.8.2"]
[Round "-"]
[White "willyanF"]
[Black "sergiolj"]
[Result "1-0"]
[WhiteElo "1722"]
[BlackElo "1400"]

1. e4 e5 2. Nf3 Nc6 3. Bc4 Nh6 4. d3 Ng4 5. Ng5 Nh6 6. Nf3 d6 7. Ng5 Qd7 8. Nf3
Be7 9. Nc3 Qg4 10. O-O Qh5 11. a3 Ng4 12. h3 Nd4 13. Nxd4 exd4 14. Nd5 Bd8 15.
Nf4 Qh4 16. g3 Qg5 17. Qf3 Ne5 18. Qe2 Bd7 19. Ba2 Bc6 20. c3 dxc3 21. bxc3 O-O
22. Ne6 Qf6 23. Nxf8 Kxf8 24. f4 Nd7 25. Bb2 b5 26. c4 Qh6 27. cxb5 Bxb5 28. f5
Qxh3 29. Kf2 Ne5 30. Bxe5 dxe5 31. Rh1 Qxh1 32. Rxh1 c5 33. Qh5 Bxd3 34. Qxf7#
1-0

[Event "Challenge"]
[Site "http://www.queenalice.com/game.php?id=26088"]
[Date "2005.8.27"]
[Round "-"]
[White "jsiebel"]
[Black "sergiolj"]
[Result "0-1"]
[WhiteElo "1328"]
[BlackElo "1419"]

1. Nf3 Nc6 2. g3 e5 3. Nc3 Nf6 4. Bh3 Bc5 5. O-O d5 6. Bxc8 Qxc8 7. b3 d4 8. Nb5
O-O 9. c4 h6 10. d3 Qh3 11. Nxc7 Ng4 12. a4 e4 13. dxe4 Nce5 14. Bf4 Nxf3+ 0-1

[Event "Challenge"]
[Site "http://www.queenalice.com/game.php?id=26586"]
[Date "2005.8.30"]
[Round "-"]
[White "sergiolj"]
[Black "EngEsp"]
[Result "1-0"]
[WhiteElo "1426"]
[BlackElo "1333"]

1. e4 e5 2. Nf3 Nh6 3. Nxe5 Qf6 4. Nd3 Bc5 5. Nxc5 O-O 6. d3 d6 7. Nb3 Bg4 8. f3
Be6 9. d4 c5 10. d5 Bd7 11. Bd3 Na6 12. Na5 Qd4 13. Nxb7 Nb4 14. Nxd6 Ba4 15. a3
Nxc2+ 16. Bxc2 Bd7 17. Nd2 Bb5 18. Nxb5 Qe3+ 19. Qe2 Qg5 20. Nc4 Qh4+ 21. g3 Qh3
22. e5 Rab8 23. Qd3 Rxb5 24. Qxh7# 1-0

[Event "Challenge"]
[Site "http://www.queenalice.com/game.php?id=27790"]
[Date "2005.9.8"]
[Round "-"]
[White "eduardo_bock"]
[Black "sergiolj"]
[Result "1-0"]
[WhiteElo "1328"]
[BlackElo "1420"]

1. e4 e5 2. Nf3 Nc6 3. d4 exd4 4. Nxd4 Qe7 5. Nxc6 Qxe4+ 6. Qe2 Qxe2+ 7. Bxe2
dxc6 8. O-O Bd7 9. Nc3 O-O-O 10. Ne4 Re8 11. Bf3 Bf5 12. Re1 Bc5 13. Bf4 Nf6 14.
Nxf6 gxf6 15. Bh5 Rhg8 16. Bxf7 Rxe1+ 17. Rxe1 Rd8 18. Be3 b6 19. Bh6 Rd2 20.
Bxd2 Bxc2 21. Re6 Kd7 22. Rxf6 Bd4 23. Re6 Bf5 24. Rh6 b5 25. Bg8 Bxb2 26. Bxh7
Be6 27. Be4 c5 28. f4 c4 29. f5 Bg8 30. f6 c3 31. Be3 Bxa2 32. Rh7+ Ke6 33. f7
Ke7 34. Bh6 Bxf7 35. g4 b4 36. Bf4 c5 37. g5 b3 38. g6 c2 39. Rxf7+ Ke6 40. h4
c1=Q+ 41. Bxc1 Bxc1 42. Rf5 Bh6 43. Rxc5 b2 44. Rb5 Bg7 45. Rb7 Bd4+ 46. Kg2 a5
47. g7 Bxg7 48. Rxg7 a4 49. Ra7 Ke5 50. Bc2 Kd4 51. Rxa4+ Kc3 52. Bg6 Kb3 53.
Rg4 Ka2 54. h5 b1=Q 55. Bxb1+ Kxb1 56. h6 1-0

[Event "Challenge"]
[Site "http://www.queenalice.com/game.php?id=27982"]
[Date "2005.9.10"]
[Round "-"]
[White "sergiolj"]
[Black "jsiebel"]
[Result "0-1"]
[WhiteElo "1445"]
[BlackElo "1365"]

1. e4 e5 2. Nf3 Nc6 3. Nc3 Nf6 4. Qe2 Bc5 5. Qc4 O-O 6. Qxc5 b6 7. Qe3 Ng4 8.
Qd3 Nb4 9. Qb5 Nxc2+ 10. Kd1 Nxa1 11. Qe2 f5 12. Nxe5 h5 13. exf5 Rxf5 14. Ng6
Nxf2+ 15. Ke1 Nc2# 0-1

[Event "Challenge"]
[Site "http://www.queenalice.com/game.php?id=27983"]
[Date "2005.9.10"]
[Round "-"]
[White "jsiebel"]
[Black "sergiolj"]
[Result "1-0"]
[WhiteElo "1341"]
[BlackElo "1440"]

1. e4 e5 2. Nf3 Nc6 3. Nc3 d6 4. g3 Nf6 5. Bc4 Qd7 6. b3 Ng4 7. Nd5 f5 8. exf5
e4 9. Ng5 Qxf5 10. f3 exf3 11. Nxf3 Nd4 12. Rf1 Qe4+ 13. Ne3 Bf5 14. d3 Qe7 15.
Nxd4 Nxe3 16. Bxe3 Qxe3+ 17. Ne2 O-O-O 18. Rxf5 Re8 19. Rf2 d5 20. Bxd5 Bb4+ 21.
Kf1 Rhf8 22. Rxf8 Rxf8+ 23. Kg2 Rf2+ 24. Kh3 Rxe2 25. c3 Bxc3 26. Qf1 Qe5 27.
Qf8+ Kd7 28. Qf7+ Kd6 29. Bc4 Bxa1 30. Qf8+ Kd7 31. Qf7+ Kd6 32. Qf8+ Kc6 33.
Qf3+ Kd7 34. d4 Re3 35. Qg4+ Qe6 36. Bxe6+ Rxe6 37. Qxg7+ Re7 38. Qg4+ Re6 39.
d5 1-0

[Event "Challenge"]
[Site "http://www.queenalice.com/game.php?id=31873"]
[Date "2005.10.6"]
[Round "-"]
[White "SandroChaves"]
[Black "sergiolj"]
[Result "0-1"]
[WhiteElo "1509"]
[BlackElo "1397"]

1. e4 e5 2. Nf3 Qf6 3. d4 exd4 4. Nxd4 Bc5 5. c3 Nc6 6. Nf3 d6 7. Be2 Nh6 8. Qc2
Ng4 9. O-O Nh6 10. Na3 Qg6 11. Rd1 Bh3 12. Ng5 Bg4 13. Nb5 O-O 14. h3 Bxe2 15.
Qxe2 Ne5 16. Nxc7 Rac8 17. Nd5 Rfe8 18. Nf3 Nxf3+ 19. Qxf3 Rxe4 20. Be3 Rce8 21.
b4 Bxe3 22. fxe3 Nf5 23. Nf4 Qg5 24. Rd5 Rxe3 25. Qf2 R8e4 26. Rad1 Rxf4 27.
Rxd6 g6 28. Rd8+ Kg7 29. Qb2 Nh4 30. c4+ Kh6 31. Kh2 Qg3+ 32. Kh1 Rf2 33. Qxf2
Qxf2 34. Rg1 f5 35. Rdd1 Qxa2 36. Rd4 Re2 37. Rxh4+ Kg5 38. Rxh7 Qxc4 39. Rxb7
f4 40. Ra1 Qc6 41. Ra5+ Kf6 42. Rf7+ Kxf7 43. Rg5 f3 44. Kg1 fxg2 45. h4 Qc1+
46. Kh2 g1+=Q+ 47. Kh3 Rh2# 0-1

[Event "Challenge"]
[Site "http://www.queenalice.com/game.php?id=49745"]
[Date "2006.1.27"]
[Round "-"]
[White "fabian"]
[Black "sergiolj"]
[Result "0-1"]
[WhiteElo "1480"]
[BlackElo "1417"]

1. e4 e5 2. Bd3 Nf6 3. Nc3 c6 4. Nf3 Qc7 5. Na4 Qa5 6. b3 Ng4 7. Qe2 d6 8. Ng5
Nh6 9. Qf3 f6 10. Nh3 Ng4 11. Bb2 Na6 12. Bc3 Qc7 13. b4 b5 14. Nb2 c5 15. Bxb5+
Kd8 16. Qd3 Nxb4 17. Bxb4 cxb4 18. Qd5 Rb8 19. f3 Nh6 20. g4 Rb6 21. Nc4 Bb7 22.
Qe6 Rxb5 23. d3 Bc8 24. Qxd6+ Bxd6 25. Nxd6 Qxd6 26. d4 Qxd4 27. Rd1 Qxd1+ 28.
Kxd1 Nf7 29. Re1 Ra5 30. Nf2 Rxa2 31. Nd3 Ke7 32. Nxb4 Rd8+ 33. Kc1 Ra1+ 34. Kb2
Rxe1 35. Nc6+ Ke8 36. Nxd8 Kxd8 37. c4 Nd6 38. c5 Nc4+ 39. Kc2 Ba6 40. h4 Bb5
41. Kc3 a5 42. c6 Ne3 43. Kd2 Re2+ 44. Kc3 a4 45. Kb4 Rb2+ 46. Ka5 a3 47. Kb6 a2
48. Kb7 a1=Q 49. c7+ Ke7 50. c8=Q Bd7+ 51. Kc7 Bxc8 52. Kxc8 Qc1# 0-1

[Event "Challenge"]
[Site "http://www.queenalice.com/game.php?id=52023"]
[Date "2006.2.10"]
[Round "-"]
[White "RodrigoLins"]
[Black "sergiolj"]
[Result "1-0"]
[WhiteElo "1650"]
[BlackElo "1436"]

1. e4 e5 2. Nf3 Nc6 3. Bc4 Nh6 4. c3 Bc5 5. d4 Bf8 6. d5 Na5 7. Bb3 Qf6 8. Be3
c6 9. h3 cxd5 10. Qxd5 Nc6 11. Bxh6 gxh6 12. Nbd2 d6 13. O-O-O Be6 14. Qb5 Rb8
15. Bd5 Bd7 16. g4 Nd8 17. Qb3 Rg8 18. Rhg1 Ne6 19. Bxe6 Bxe6 20. Qa4+ b5 21.
Qxa7 Rc8 22. Nb3 Qxf3 23. Qb7 Bd7 24. h4 h5 25. gxh5 Rxg1 26. Rxg1 Qxf2 27. Rg8
Qe1+ 28. Kc2 Qe2+ 29. Nd2 Ke7 30. a3 f5 31. exf5 Bh6 32. Rxc8 Qxd2+ 33. Kb3 Qd1+
34. Kb4 Qg4+ 35. Kb3 Qxf5 36. Rc7 e4 37. a4 bxa4+ 38. Ka3 e3 39. Qg2 Qb5 40.
Qe4+ Kd8 41. Rb7 Qc5+ 42. Ka2 Qc6 43. Rb8+ Kc7 44. Qb4 e2 45. c4 Be3 46. Rh8 Bd4
47. Qb8# 1-0

[Event "Challenge"]
[Site "http://www.queenalice.com/game.php?id=58831"]
[Date "2006.3.22"]
[Round "-"]
[White "sergiolj"]
[Black "fabian"]
[Result "1-0"]
[WhiteElo "1429"]
[BlackElo "1483"]

1. e4 e5 2. Nf3 Nf6 3. Nxe5 Qe7 4. Nf3 Qxe4+ 5. Be2 Bc5 6. O-O Nc6 7. d3 Qg6 8.
Bf4 d6 9. c3 a5 10. Qa4 Rb8 11. Nh4 b5 12. Nxg6 bxa4 13. Nxh8 Nd5 14. Bd2 f5 15.
c4 Nf6 16. Nc3 Be6 17. Bf3 Kd7 18. Nxa4 Bd4 19. Rab1 Ne5 20. Bd1 Nxd3 21. Bxa5
Bxc4 22. Bb3 Bxb3 23. axb3 Rxh8 24. Rbd1 Ra8 25. Rxd3 c5 26. Nb6+ Kc6 27. Nxa8
g6 28. Rc1 Bxb2 29. Rc2 Be5 30. b4 d5 31. Rxc5+ Kd6 32. Nb6 Nd7 33. Rcxd5+ Kc6
34. Nxd7 Bf4 35. b5+ Kb7 36. Rc3 h5 37. Nc5+ Kb8 38. Rd8+ Ka7 39. b6# 1-0

[Event "Challenge"]
[Site "http://www.queenalice.com/game.php?id=66829"]
[Date "2006.5.4"]
[Round "-"]
[White "EngEsp"]
[Black "sergiolj"]
[Result "0-1"]
[WhiteElo "1387"]
[BlackElo "1449"]

1. b3 e5 2. Nf3 Qf6 3. Bb2 Bc5 4. e4 Nh6 5. Nc3 Ng4 6. Qe2 Nxf2 7. Nd5 Qd6 8.
Bxe5 Qe6 9. Nxc7+ Ke7 10. Nxe6 fxe6 11. Ng5 Nxh1 12. O-O-O Nf2 13. Re1 Nc6 14.
Bxg7 Rg8 15. Bh6 Rg6 16. Qh5 Nb4 17. Kb1 b6 18. Nxh7 Rg4 19. Be3 Rxe4 20. Qf3
Bb7 21. Qf8+ Rxf8 22. Bh6 Rxe1+ 23. Kb2 Bd4+ 24. c3 Nbd3+ 25. Ka3 Rxf1 26. Bxf8+
Ke8 27. cxd4 b5 28. b4 Bd5 29. h4 Ra1 30. Nf6+ Kxf8 31. Nxd7+ Ke7 32. Nc5 Rxa2#
0-1

[Event "Challenge"]
[Site "http://www.queenalice.com/game.php?id=76058"]
[Date "2006.6.12"]
[Round "-"]
[White "sergiolj"]
[Black "fabian"]
[Result "0-1"]
[WhiteElo "1463"]
[BlackElo "1526"]

1. d4 e6 2. Nf3 Nc6 3. Bg5 f6 4. Bh4 g5 5. Bg3 Nh6 6. Nc3 d5 7. e3 g4 8. Nh4 b6
9. e4 dxe4 10. Nxe4 f5 11. Nc3 a6 12. Be2 Bg7 13. d5 exd5 14. O-O d4 15. Bf3
gxf3 16. Qxf3 Bb7 17. Rae1+ Kf8 18. Nd5 Nb4 19. Qa3 Qxd5 20. Qxb4+ c5 21. Qxb6
Ng4 22. Bd6+ Kg8 23. Re7 Bc6 24. b3 Bf6 25. Rc7 Bd8 26. Rxc6 Bxb6 27. Rxb6 Qe6
28. Bxc5 Qe5 29. g3 Qxc5 30. Rf6 Nxf6 31. Re1 Qxc2 32. Nxf5 Ng4 33. Rf1 Qxf5 0-1

[Event "Challenge"]
[Site "http://www.queenalice.com/game.php?id=76059"]
[Date "2006.6.12"]
[Round "-"]
[White "EngEsp"]
[Black "sergiolj"]
[Result "1-0"]
[WhiteElo "1433"]
[BlackElo "1450"]

1. b3 e5 2. e4 Nf6 3. d3 Nc6 4. c4 Nd4 5. Bb2 c5 6. Nc3 d6 7. Nh3 Ng4 8. Nd5 Qh4
9. Nc7+ Kd8 10. Nxa8 Ne3 11. Qd2 Ndc2+ 12. Ke2 Nxg2 13. Bxg2 Qg4+ 14. Kf1 Nxa1
15. Bxa1 Be7 16. f3 Qh5 17. f4 Bxh3 18. fxe5 Bg5 19. Qa5+ Kd7 20. Qc7+ Ke6 21.
Qxd6# 1-0